Insolvency Costs and Incomplete Information in Commercial Banks Implications for Financial Reform in Eastern Europe

Gespeichert in:
Bibliographische Detailangaben
1. Verfasser: Buch, Claudia M.
Format: Buch
Sprache:Englisch
Veröffentlicht: Kiel Institut für Weltwirtschaft 1994
Schriftenreihe:Kiel Working Paper No.616
Schlagworte:
Tags: Tag hinzufügen
Keine Tags, Fügen Sie das erste Tag hinzu!

MARC

LEADER 00000nam a2200000 4500
001 c005358
005 20250521092949.8
041 0 |a eng 
044 |a DE 
245 1 0 |a Insolvency Costs and Incomplete Information in Commercial Banks  |b Implications for Financial Reform in Eastern Europe  |c Claudia M. Buch 
264 1 |a Kiel  |b Institut für Weltwirtschaft  |c 1994 
300 |a 47 s. 
490 1 |a Kiel Working Paper  |v No.616 
830 0 |a Kiel Working Paper  |v No.616 
610 2 0 |a banky obchodné 
610 2 0 |a financie 
610 2 0 |a liberalizácia 
610 2 0 |a ceny 
610 2 0 |a modely cenové 
610 2 0 |a obchod 
610 2 0 |a Poľsko 
610 2 0 |a Československo 
610 2 0 |a Maďarsko 
100 1 |a Buch, Claudia M.